Most Guessed British Prime Ministers - Statistics

General Stats
  • This quiz has been taken 811 times
  • The average score is 13 of 20
Answer Stats
% term prime minister % Correct
91 1940-1945 Winston Churchill
99%
92 1979-1990 Margaret Thatcher
96%
95 2019-2022 Boris Johnson
90%
89 1997-2007 Tony Blair
89%
92 2022-2024 Rishi Sunak
84%
87 2016-2019 Theresa May
83%
85 2010-2016 David Cameron
78%
84 2022 Liz Truss
74%
75 2007-2010 Gordon Brown
72%
64 1937-1940 Neville Chamberlain
71%
80 2024- Keir Starmer
68%
66 1990-1997 John Major
66%
50 1874-1880 Benjamin Disraeli
57%
52 1945-1951 Clement Attlee
45%
50 1964-1970 Harold Wilson
45%
45 1783-1801 William Pitt
45%
45 1916-1922 David Lloyd George
44%
40 1955-1957 Anthony Eden
40%
42 1970-1974 Edward Heath
39%
40 1957-1963 Harold Macmillan
14%
No matching quizzes found
Score Distribution
Percent of People with Each Score
Percentile by Number Answered
Your Score History
You have not taken this quiz